| Tag |
First Indicator |
Second Indicator |
Subfields |
| LEADER |
00000cam a2200000 a 4500 |
| 001 |
in00002171321 |
| 008 |
060613s2006 dcu b f000 0 eng c |
| 005 |
20230331202516.6 |
| 010 |
|
|
|a 2006415226
|
| 035 |
|
|
|a (OCoLC)ocm70078074
|
| 035 |
|
|
|a (OCoLC)ocm70078074
|
| 040 |
|
|
|a GPO
|b eng
|c STF
|d GPO
|d DLC
|d OHO
|d BTCTA
|d COO
|d AG#
|d OCLCO
|d OCLCQ
|d LWA
|d OCLCF
|d UOK
|d INT
|d OCLCQ
|d OCLCO
|d UMK
|d OCLCQ
|
| 019 |
|
|
|a 1034884609
|a 1083409713
|a 1108904752
|
| 020 |
|
|
|a 0160761301
|
| 020 |
|
|
|a 9780160761300
|
| 035 |
|
|
|a (OCoLC)70078074
|z (OCoLC)1034884609
|z (OCoLC)1083409713
|z (OCoLC)1108904752
|
| 037 |
|
|
|a 552-070-34145-5
|b GPO
|
| 042 |
|
|
|a pcc
|
| 043 |
|
|
|a n-us---
|
| 050 |
0 |
0 |
|a KF27
|b .E5527 2006
|
| 074 |
|
|
|a 1019-A-01
|
| 074 |
|
|
|a 1019-A-01 (online)
|
| 074 |
|
|
|a 1019-B-01 (MF)
|
| 074 |
|
|
|a 1019-B-01 (online)
|
| 086 |
0 |
|
|a Y 4.C 73/8:109-63
|
| 088 |
|
|
|a Serial no. 109-63 (United States. Congress. House. Committee on Energy and Commerce)
|
| 049 |
|
|
|a TXAM
|
| 110 |
1 |
|
|a United States.
|b Congress.
|b House.
|b Committee on Energy and Commerce.
|b Subcommittee on Environment and Hazardous Materials.
|
| 245 |
1 |
0 |
|a Legislation to implement the POPs, PIC, and LRTAP POPs agreements :
|b hearing before the Subcommittee on Environment and Hazardous Materials of the Committee on Energy and Commerce, House of Representatives, One Hundred Ninth Congress, second session, March 2, 2006.
|
| 260 |
|
|
|a Washington :
|b U.S. G.P.O. :
|b For sale by the Supt. of Docs., U.S. G.P.O.,
|c 2006.
|
| 300 |
|
|
|a iii, 180 pages ;
|c 24 cm
|
| 336 |
|
|
|a text
|b txt
|2 rdacontent
|
| 337 |
|
|
|a unmediated
|b n
|2 rdamedia
|
| 338 |
|
|
|a volume
|b nc
|2 rdacarrier
|
| 500 |
|
|
|a Distributed to some depository libraries in microfiche.
|
| 500 |
|
|
|a Shipping list no.: 2006-0203-P.
|
| 504 |
|
|
|a Includes bibliographical references.
|
| 500 |
|
|
|a "Serial no. 109-63."
|
| 530 |
|
|
|a Also available via Internet from the GPO Access web site. Address as of 6/13/06: http://frwebgate.access.gpo.gov/cgi-bin/getdoc.cgi?dbname=109%5Fhouse%5Fhearings&docid=f:27145.pdf; current access available via PURL.
|
| 630 |
0 |
0 |
|a Stockholm Convention on Persistent Organic Pollutants
|d (2001)
|
| 630 |
0 |
0 |
|a Convention on Long-range Transboundary Air Pollution
|d (1979)
|
| 630 |
0 |
0 |
|a Rotterdam Convention on the Prior Informed Consent Procedure for Certain Hazardous Chemicals and Pesticides in International Trade
|d (1998)
|
| 650 |
|
0 |
|a Persistent pollutants
|x Law and legislation
|z United States.
|
| 650 |
|
0 |
|a Pollution
|x Law and legislation
|z United States.
|
| 650 |
|
0 |
|a Hazardous substances
|x Law and legislation
|z United States.
|
| 630 |
0 |
7 |
|a Convention on Long-range Transboundary Air Pollution (Title)
|2 fast
|0 (OCoLC)fst01377705
|
| 630 |
0 |
7 |
|a Rotterdam Convention on the Prior Informed Consent Procedure for Certain Hazardous Chemicals and Pesticides in International Trade (1998)
|2 fast
|0 (OCoLC)fst01774075
|
| 630 |
0 |
7 |
|a Stockholm Convention on Persistent Organic Pollutants (2001)
|2 fast
|0 (OCoLC)fst01774106
|
| 650 |
|
7 |
|a Hazardous substances
|x Law and legislation.
|2 fast
|0 (OCoLC)fst00952229
|
| 650 |
|
7 |
|a Pollution
|x Law and legislation.
|2 fast
|0 (OCoLC)fst01070119
|
| 651 |
|
7 |
|a United States.
|2 fast
|0 (OCoLC)fst01204155
|
| 655 |
|
0 |
|a Government publications
|
| 776 |
0 |
8 |
|i Online version:
|a United States. Congress. House. Committee on Energy and Commerce. Subcommittee on Environment and Hazardous Materials.
|t Legislation to implement the POPs, PIC, and LRTAP POPs agreements.
|d Washington : U.S.G.P.O. : For sale by the Supt. of Docs., U.S.G.P.O., 2006
|w (OCoLC)646988666
|
| 856 |
4 |
1 |
|u https://purl.fdlp.gov/GPO/LPS70871
|7 0
|t 0
|
| 994 |
|
|
|a C0
|b TXA
|
| 999 |
f |
f |
|s f82521c2-9d94-4755-ab21-fa1566f0b7ac
|i 0548c05b-754f-3c14-bff0-53247da0724f
|t 0
|
| 952 |
f |
f |
|a Texas A&M University
|b College Station
|c Electronic Resources
|d Available Online
|t 0
|e Y 4.C 73/8:109-63
|h Superintendent of Documents classification
|
| 998 |
f |
f |
|a Y 4.C 73/8:109-63
|t 0
|l Available Online
|